The mystery of the Chinese junk / by Franklin W. Dixon.
The old Chinese junk that the Hardy boys and their friends buy to operate as a ferry for the summer leads them to the discovery of a smuggler's hideout and to the capture of an international thief known as the Chameleon.
Record details
- ISBN: 0448089394
- ISBN: 0448189399
- Physical Description: 184 pages : illustrations ; 20 cm.
- Publisher: New York : Grosset and Dunlap, c1960.
Search for related items by subject
| Subject: | Detective and mystery stories. Detective and mystery stories. |
Search for related items by series
Available copies
- 1 of 1 copy available at scottsboropl.
Holds
- 0 current holds with 1 total copy.
Show All Copies
| Location | Call Number / Copy Notes | Barcode | Shelving Location | Status | Due Date |
|---|---|---|---|---|---|
| scottsboropl | JF Dix | 32269000830896 | Juvenile - Fiction | Available | - |
| LDR | 01097cam a2200265 a 4500 | ||
|---|---|---|---|
| 001 | 117607 | ||
| 003 | CONS | ||
| 005 | 20140703073256.0 | ||
| 008 | 750410s1960 nyua j 000 1 eng | ||
| 010 | . | ‡a 60000316 | |
| 020 | . | ‡a0448089394 | |
| 020 | . | ‡a0448189399 | |
| 035 | . | ‡a(CPomAG)LMN315277 | |
| 050 | . | ‡aPZ7.D644Myd | |
| 100 | 1 | . | ‡aDixon, Franklin W. |
| 245 | 1 | 4. | ‡aThe mystery of the Chinese junk / ‡cby Franklin W. Dixon. |
| 260 | . | ‡aNew York : ‡bGrosset and Dunlap, ‡cc1960. | |
| 300 | . | ‡a184 pages : ‡billustrations ; ‡c20 cm. | |
| 440 | 0. | ‡aHardy boys mystery stories ; ‡v39 | |
| 520 | . | ‡aThe old Chinese junk that the Hardy boys and their friends buy to operate as a ferry for the summer leads them to the discovery of a smuggler's hideout and to the capture of an international thief known as the Chameleon. | |
| 650 | 1. | ‡aDetective and mystery stories. | |
| 650 | 0. | ‡aDetective and mystery stories. | |
| 914 | . | ‡dLMN_cm | |
| 959 | . | ‡i32269000830896 ‡lJF Dix Mys ‡aJuvenile - Fiction ‡tJuv Fiction ‡g8.00 | |
| 852 | . | ‡p32269000830896 ‡jJF Dix Mys ‡gJuvenile - Fiction ‡cJuv Fiction ‡y8.00 ‡bSBPL | |
| 901 | . | ‡a117607 ‡bUnknown ‡c117607 ‡tbiblio | |